Responses for Show #7776 - Monday, June 4, 2018

Contestants

[<< previous game]

Tommy Fagin, an English teacher from Brooklyn, New York

Leslie Manion, a bookseller from Vancouver, Washington

Ian Booth, a trade specialist from Washington, D.C. (whose 1-day cash winnings total $23,201)

[next game >>]

Jeopardy! Round responses

MOTORCYCLES
THE END OF "IT"
DESIGNER INITIALS
LOOKIN' BACK TEXAS
MAMA TRIED
CLASSIC COUNTRY SONGS
    $200 21
crosscountry

Ian
    $200 16
a spit

Ian
    $200 26
Christian Dior

Ian
    $200 11
Dr. Pepper

Leslie
    $200 6
diet

Leslie
    $200 1
"Hey, Good Lookin'"

Ian
    $400 22
Honda

Tommy
    $400 17
a bit

Tommy
    $400 28
Donatella Versace

Tommy
    $400 12
(Ian: Who is Sam Houston?)

Stephen Austin

Ian
Triple Stumper
    $400 7
Salem

Tommy
    $400 2
"The Gambler"

Leslie
    $600 23
throttle

Leslie
    $600 18
outwit

Triple Stumper
    $600 29
Stella McCartney

Leslie
    $600 13
Love (Field)

Leslie
    $1,400 8
(John Wilkes) Booth

Tommy
    $600 3
Dolly Parton

Leslie
    $800 24
Daimler

Tommy
    $800 19
deficit

Leslie
    $800 30
Kate Spade

Leslie
    $800 14
(Howard) Hughes

Tommy
    $800 9
(Leslie: Who is Rosenbaum?)

(Ethel) Rosenberg

IanLeslie
    $800 4
El Paso

Leslie
    $1000 25
(Alex: Less than a minute now.)

serpentine

Ian
    $1000 20
(Tommy: What is affidavit?)

a writ

IanTommy
    $1000 27
Halston

Leslie
    $1000 15
Texas Instruments

Tommy
    $1000 10
Victoria Woodhull

Triple Stumper
    $1000 5
Patsy Cline

Tommy

Scores at the first commercial break (after clue 15):

Ian Leslie Tommy
$600 $2,000 $4,600

Scores at the end of the Jeopardy! Round:

Ian Leslie Tommy
$3,200 $5,800 $5,600

Double Jeopardy! Round responses

THE DISASTER ARTISTS
COUNTRY FACTS
HAIL HYDRO
MOVIES OF "WONDER"
THE NOVEL'S SUBTITLE
THE OLD 3, 4
    $400 11
the Great Fire of London

Ian
    $400 1
Norway

Leslie
    $400 19
(Dr. Louis) Perrier

Tommy
    $400 26
Wonder Woman

Tommy
    $400 2
Moby Dick

Tommy
    $400 16
the New Deal

Tommy
    $800 12
Goya

Ian
    $3,000 4
Arabic

Ian
    $800 20
the Hoover Dam

Tommy
    $800 30
Alice in Wonderland

Leslie
    $800 3
The Hobbit

Ian
    $800 17
the Big Easy

Tommy
    $1200 13
(Tommy: What is Etna?)

Vesuvius

IanTommy
    $1200 5
Argentina

Tommy
    $1200 22
"Waltzing Matilda"

Triple Stumper
    $1200 29
Wonder Wheel

Triple Stumper
    $1200 7
The Princess Bride

Leslie
    $1200 18
the red line

Leslie
    $4,000 14
(Ian: Who is Whistler?)

Remington

Ian
    $1600 6
New South Wales

Leslie
    $1600 23
(Samuel Taylor) Coleridge

Tommy
    $1600 28
the Wonder Emporium

Ian
    $1600 8
Tess of the d'Urbervilles

Tommy
    $1600 21
a hot mess

Leslie
    $2000 15
(Tommy: Who is Gauguin?)

Henri Rousseau

Tommy
Triple Stumper
    $2000 10
Romania

Ian
    $2000 24
a splash mob

Ian
    $2000 27
(Leslie: What is Wonder?)

Wonderstruck

Leslie
Triple Stumper
    $2000 9
Blood Meridian

Tommy
    $2000 25
Top Gear

Leslie

Scores at the end of the Double Jeopardy! Round:

Ian Leslie Tommy
$11,000 $12,600 $12,000

[wagering suggestions for these scores]

Final Jeopardy! Round responses

AMERICAN QUOTES
(Alex: [To Ian] "What are the pillars of..."?)
(Ian: Atlas?)
...
(Alex: [To Leslie] But with Ben Franklin, he was talking about [*], the only two things that are certain.)
IanWhat are the pillars of At
$11,000
TommyWhat are education and a free press?
$11,999
LeslieWhat is a rock and a fortress?
$12,001
death & taxes

Final scores:

Ian Leslie Tommy
$0 $599 $1
3rd place: $1,000 New champion: $599 2nd place: $2,000

Game dynamics:

Coryat scores:

Ian Leslie Tommy
$12,800 $12,600 $11,200
15 R
(including 1 DD),
2 W
(including 1 DD)
18 R,
2 W
19 R
(including 1 DD),
3 W

Combined Coryat: $36,600

[game clues] [game scores] [suggest correction]

Game tape date: 2018-02-13
The J! Archive is created by fans, for fans. Scraping, republication, monetization, and malicious use prohibited; this site may use cookies and collect identifying information. See terms. The Jeopardy! game show and all elements thereof, including but not limited to copyright and trademark thereto, are the property of Jeopardy Productions, Inc. and are protected under law. This website is not affiliated with, sponsored by, or operated by Jeopardy Productions, Inc. Join the discussion at JBoard.tv.